1293 1008 1348 1682 1885 1422 1077 1704 1676 1135 1128 1573 1780 1588 1515 1725 1979 1211 1524 1532 1716 1676 1194 1938 1453 1924 1329 1334 1593 1818 1910 1917 1276 1214 1020 1209 1701 1530 1265 1766 1542 1298 1185 1979 1555 1887 1339 1352 1931 1417 1313 1688 1511 1910 1686 1493 1364 1097 1424 1328 1873 1444 1016 1828 1363 1899 1871 1691 1804 1156 1276 1717 1442 1190 1892 1846 1733 1977 1085 1696 1049 1125 1180 1300 1417 1475 1107 1334 1006 1415 1042 1662 1550 1524 1442 1083 1815 1411 1025 BCNSPRNW ULIB Ver.6.0+V

เปลี่ยนเป็นภาษาไทย

Change to English
 แสดงรายละเอียดบรรณานุกรม
  กลับหน้าหลัก

Brief Record : Get Marc (ISO 2709) : E-mail record : QR code < ปิดหน้าต่าง
LEADER : 00000nam 2200000uu 4500
001    13399120944
003     ULIB
008    121026s2547||||th 000 0 tha d
020    ^a9742779392
020    ^a9789742779399
050  4 ^aHT^bส191ท
100 0  ^aสนธยา พลศรี
245 10 ^aทฤษฎีและหลักการพัฒนาชุมชน /^cสนธยา พลศรี
250    ^aพิมพ์ครั้งที่ 5
260    ^aกรุงเทพฯ :^bโอเดียนสโตร์,^c2547
300    ^a247 หน้า :^bภาพประกอบ ;^c24 ซม.
650  4 ^aการพัฒนาชุมชน
945    ^p165^l0^i14518
945    ^p165^l0^i14519
995    ^aทศพร
999    ^aทศพร เกษรทอง
รายการนี้ยังไม่มีแท็ก
คุณยังไม่ได้ล็อกอิน คุณสามารถมีกิจกรรมร่วมกับเว็บไซต์ได้ แต่ต้องล็อกอินก่อน ::
  ล็อกอิน

รายการสื่อสารสนเทศ

ลำดับที่ ประเภท เลขเรียก/บาร์โค้ด สถานที่ สถานะ
1. วิทยาศาสตร์การแพทย์ และสุขภาพ
วิทยาศาสตร์การแพทย์ และสุขภาพ
HT ส191ท ฉ.3 
  Barcode: 14518
ห้องสมุดวิทยาเขตสวรรค์ประชารักษ์
►หนังสือทั่วไป
บนชั้น
2. วิทยาศาสตร์การแพทย์ และสุขภาพ
วิทยาศาสตร์การแพทย์ และสุขภาพ
HT ส191ท ฉ.4 
  Barcode: 14519
ห้องสมุดวิทยาเขตสวรรค์ประชารักษ์
►หนังสือทั่วไป
บนชั้น

รายการใกล้เคียง
    ผู้แต่ง [สนธยา พลศรี]

    หัวเรื่อง [การพัฒนาชุมชน]

BibComment


ยังไม่เคยถูกคอมเมนท์

คอมเมนท์ทรัพยากรรายการนี้
  คอมเมนท์: ทฤษฎีและหลักการพ..


 Copyright 2026. Bcnsprnw @Library